=LDR 00000nam 2200000 4500 =001 000664 =005 20250711020048 =035 ##$$a 0010-0725000532 =007 ta =008 250711################a##########0#ind## =020 ##$$a 978-623-307-920-4 =082 ##$$a 398.209 598 =084 ##$$a 398.209 598 MAD k =100 #$$a Madhav Chavan, Meera Tendolkar =245 1#$$a Kita Semua Adalah Hewan /$c Madhav Chavan, Meera Tendolkar =250 ##$$a Cetakan Pertama =260 ##$$a Jakarta :$b Badan Pengembangan dan Pembinaan Bahasa,$c 2022 =300 ##$$a 36 hlm. : $b Ilus. ; $c 22,9 cm =650 #4$$a CERITA ANAK INDONESIA-TERJEMAHAN =650 #4$$a LITERASI-BAHAN BACAAN =990 ##$$a TBM04390439